Statistics for Birds of the British Isles scientific names #1

Click here to take the quiz!

General Stats

  • This quiz has been taken 40 times
  • The average score is 11 of 20

Answer Stats

HintAnswer% Correct
PICA PICAMAGPIE
94%
LARUS CANUSCOMMON GULL
75%
COLUMBA PALUMBUSWOODPIGEON
75%
BUTEO BUTEOBUZZARD
66%
CARDUELIS CHLORISGREENFINCH
66%
APUS APUSSWIFT
63%
CUCULUS CANORUSCUCKOO
56%
MILVUS MILVUSRED KITE
53%
SULA BASSANAGANNET
50%
SITTA EUROPAEANUTHATCH
50%
FRINGILLA MONTIFRINGILLABRAMBLING
47%
CINCLUS CINCLUSDIPPER
47%
ARDEA CINEREAGREY HERON
47%
BOMBYCILLA GARRULUSWAXWING
47%
ANAS PENELOPEWIGEON
47%
PODICEPS CRISTATUSGREAT CRESTED GREBE
44%
LUSCINIA MEGARHYNCHOSNIGHTINGALE
38%
OENANTHE OENANTHEWHEATEAR
34%
COTURNIX COTURNIXQUAIL
31%
CALIDRIS CANUTUSKNOT
25%

Score Distribution

Percentile by Number Answered

Percent of People with Each Score

Your Score History

You have not taken this quiz